Единицы измерения физ. величин - Statistics

General Stats
  • This quiz has been taken 1 609 times
    1 343 since last reset
  • The average score is 12 of 24
Answer Stats
Физическая величина Единица измерения % Correct
Длина, ширина, высота Метр
89%
Масса Килограмм
87%
Время Секунда
83%
Сила тока Ампер
81%
Количество теплоты Джоуль
76%
Механическая работа Джоуль
76%
Энергия Джоуль
76%
Сила Ньютон
74%
Напряжение Вольт
72%
Мощность Ватт
63%
Давление Паскаль
55%
Электрическое сопротивление Ом
54%
Площадь Квадратный метр
50%
Скорость Метр в секунду
50%
Объём Кубический метр
48%
Частота Герц
48%
Количество вещества Моль
47%
Температура Кельвин
43%
Момент силы Ньютон на метр
16%
Удельная теплота сгорания, плавления, парообразования и т.д. Джоуль на килограмм
14%
Магнитный поток Вебер
11%
Ускорение Метр в квадратную секунду
10%
Сила света Кандела
8%
Удельная теплоёмкость Джоуль на килограмм на градус
4%
No matching quizzes found
Score Distribution
Percent of People with Each Score
Percentile by Number Answered
Your Score History
You have not taken this quiz since the last reset